000 00266nam a2200109Ia 4500
008 190914s9999||||xx |||||||||||||| ||und||
100 _aPeter Norton's
245 0 _aIntroduction to Computers
260 _aNew Delhi
_bMcGraw Hill
_c1997
300 _a368
942 _cBK
999 _c8648
_d8648